000 00801nam a2200241 a 4500
001 000012685
003 DO-SdBNP
005 20240530073915.0
008 091116s 1992 dr r 000 f spa d
040 _aDO-SdBNP
_bspa
_cBNPHU
082 4 _aBNPHU RD863.42
_bM738c, 1992
100 1 _aMonclús, Miguel Angel,
_d1883-1967
_929460
245 1 0 _aCachón :
_bnovela dominicana /
_cMiguel Angel Monclús.
250 _a2a ed.
260 _aSanto Domingo :
_bLibrería La Trinitaria :
_bInstituto del Libro,
_c1992.
300 _a210 p. ;
_c21 cm.
500 _aIncluye la portada de la primera edición de 1958
590 _aInventariado, 2019 / DG
650 1 0 _aNovela dominicana
_9223
650 1 0 _aLiteratura dominicana.
_967
910 _aValidado. Control de calidad. MMOLINA
942 _2ddc
_cLBS1
999 _c12336
_d12336